SME mining engineering handbook. -- 2nd ed. (Record no. 76558)

MARC details
000 -LEADER
fixed length control field 00867nam a2200193 a 4500
008 - FIXED-LENGTH DATA ELEMENTS--GENERAL INFORMATION
fixed length control field 101008s1992 ||||||||||||||||| || u
020 ## - INTERNATIONAL STANDARD BOOK NUMBER
International Standard Book Number 9780873351003
050 ## - LIBRARY OF CONGRESS CALL NUMBER
Classification number TN 151 Sme
100 ## - MAIN ENTRY--PERSONAL NAME
Personal name Hartman, Howard L
245 10 - TITLE STATEMENT
Title SME mining engineering handbook. -- 2nd ed.
Statement of responsibility, etc. edited by Howard L. Hartman
250 ## - EDITION STATEMENT
Edition statement 2nd ed.
260 ## - PUBLICATION, DISTRIBUTION, ETC.
Place of publication, distribution, etc. Littleton, Colo.
Name of publisher, distributor, etc. Society for Mining, Metallurgy and Exploration
Date of publication, distribution, etc. 1992
300 ## - PHYSICAL DESCRIPTION
Extent 2v.: ill
350 ## -
-- 0.00
650 ## - SUBJECT ADDED ENTRY--TOPICAL TERM
Topical term or geographic name entry element MINING ENGINEERING--HANDBOOKS, MANUALS, ETC
650 ## - SUBJECT ADDED ENTRY--TOPICAL TERM
Topical term or geographic name entry element MINING
995 ## -
-- BINDERY (DAMAGED)
-- 0.00
-- 741749
-- CBU-MAIN LIBRARY (Kitwe)
-- 1
-- 0.00
-- TN 151 SME
-- 2
-- DAMAGED
-- Oct 8, 2010
-- 741749
-- Main Library Open Access Collection
995 ## -
-- MAIN LIBRARY OPEN ACCESS
-- 0.00
-- 741748
-- CBU-MAIN LIBRARY (Kitwe)
-- 1
-- 0.00
-- TN 151 SME
-- 1
-- AVAILABLE
-- Oct 8, 2010
-- 741748
-- Main Library Open Access Collection
999 ## -
-- 76558
-- 76558
Holdings
Withdrawn status Lost status Source of classification or shelving scheme Damaged status Not for loan Permanent Location Current Location Shelving location Date acquired Total Checkouts Full call number Barcode Date last seen Copy number Price effective from Koha item type
          CBU-MAIN LIBRARY, KITWE. CBU-MAIN LIBRARY, KITWE.   04/25/2023   TN 151 Sme 741749 04/25/2023 1 04/25/2023 MONOGRAPH
          CBU-MAIN LIBRARY, KITWE. CBU-MAIN LIBRARY, KITWE.   04/25/2023   TN 151 Sme 741748 04/25/2023 2 04/25/2023 MONOGRAPH